000 03552nam0a2200385 4500
001 RU\NLR\BIBL_A\016242700
005 20230227171648.0
010 _a978-5-7307-1938-5
_9500
021 _aRU
_bКН-П-22-084232
_9КН-П-22-7426
035 _a(NLR Aleph) 016242700
035 _a(RuMoRGB)011414755
090 _a12802396
_c12802396
100 _a20221220d2022 k y0rusy50 ca
101 0 _arus
102 _aRU
105 _aa|||z||||||z|
181 1 _ai3
_baxxe
182 1 _an
200 1 _aМеханизм низкоуглеродного развития экономики: инструменты управления и опыт реализации
_eмонография
_fИ. М. Потравный, Н. Н. Яшалова, А. В. Брылкина
_gМинистерство науки и высшего образования Российской Федерации, Федеральное государственное бюджетное образовательное учреждение высшего образования "Российский экономический университет им. Г. В. Плеханова" (ФГБОУ ВО "РЭУ им. Г. В. Плеханова")
203 _aТекст
_bвизуальный
_cнепосредственный
210 _aМосква
_cФГБОУ ВО "РЭУ им. Г. В. Плеханова"
_d2022
215 _a119 с.
_d21
300 _aНа 4-й с. обл. авт.: д-р экон. наук, проф. И. М. Потравный, д-р экон. наук, доц. Н. Н. Яшалова, А. В. Брылкина
300 _aНа обл.: Плехановский университет: 115
320 _aБиблиогр.: с. 105-119 (181 назв.) и в подстроч. примеч.
330 _aМонография посвящена исследованию проблем низкоуглеродного развития экономики. В книге проанализированы экономические инструменты и разработан механизм снижения антропогенного воздействия на климатическую систему в рамках реализации Основных направлений стратегии долгосрочного развития экономики Российской Федерации c низким уровнем выбросов парниковых газов до 2050 года. Рассмотрен опыт реализации климатических проектов и низкоуглеродного развития в строительстве и жилищно-коммунальном хозяйстве, черной металлургии, сельском хозяйстве. Для научных и практических работников, специалистов в сфере управления природопользованием, представителей бизнеса, студентов, аспирантов
606 1 _aНизкоуглеродная экономика
_2nlr_sh2
_3RU\NLR\AUTH\6601716364
686 1 _aУ28(0)530
700 1 _aПотравный
_bИ. М.
_f1955-
_gИван Михайлович
701 1 _aЯшалова
_bН. Н.
_gНаталья Николаевна
701 1 _aБрылкина
_bА. В.
_gАнна Викторовна
942 _cBOOK
980 _aNB